| 000 | 00448nam a2200193Ia 4500 | ||
|---|---|---|---|
| 005 | 20240823033206.0 | ||
| 008 | 240823s9999||||xx |||||||||||||| ||und|| | ||
| 020 | _a978-81-203-4029-9 | ||
| 041 | _aENGLISH | ||
| 082 | _A004.67Q0 | ||
| 100 | _aJames | ||
| 245 | 4 | _aThe Internet A Users Guide | |
| 250 | _a2nd | ||
| 260 |
_c2000 _bPHI Learning Pv |
||
| 500 | _aYES | ||
| 650 |
_aInternet _bComputer Science |
||
| 942 | _cBK | ||
| 999 |
_c195230 _d195230 |
||